000 00415nam a2200181Ia 4500
008 210210b1938 xxu||||| |||| 00| 0 eng d
041 _aeng
082 _a829/1262
100 _aWODEHOUSE (P G)
245 _aLord Emsworth and others
260 _aLondon
_bNot Mentioned
_c1938
650 _aothers
650 _aLord
650 _aEmsworth
650 _aand
690 _aEnglish Fiction
906 _a017872
999 _c118736
_d118736